000 00397 a2200157 4500
999 _c6081
_d6081
020 _a0521586941
050 _aTP248.65SMI1996
100 _aSmith, John E.
245 _aBiotechnology /
_cJohn E Smith
250 _a3rd ed.
264 _aCambridge
_bCambridge university Press
_c1996
300 _a236p.
500 _aIncludes index
650 _aBiotechnology
942 _2lcc
_cBK
_h248.65
_iSMI
_kTP